| 000 | 00416nam a2200133Ia 4500 | ||
|---|---|---|---|
| 008 | 250506s9999 xx 000 0 und d | ||
| 024 | _a13B-39-BS, 13B-95-BS & 13B-111-BS | ||
| 082 | _a005.25072 AHS | ||
| 100 | _aAhsan Ullah Khan, Hammad Hassan & Bilal Ahmed | ||
| 245 | 0 | _aDeals Tracker (code book) | |
| 260 |
_aKarachi: _bUIT, _c2013 |
||
| 600 | _aComputer Science | ||
| 650 | _aBachelor of Computer Science (BS) | ||
| 999 |
_c28559 _d28559 |
||